Normal view
MARC view
- Machinery
Entry Topical Term
001 - CONTROL NUMBER
- control field: 85057
003 - CONTROL NUMBER IDENTIFIER
- control field: NUST
005 - DATE AND TIME OF LATEST TRANSACTION
- control field: 20211124160757.0
008 - FIXED-LENGTH DATA ELEMENTS
- fixed length control field: 211124|| aca||aabn | a|a d
040 ## - CATALOGING SOURCE
- Original cataloging agency: NUST
- Transcribing agency: NUST
150 ## - HEADING--TOPICAL TERM
- Topical term or geographic name entry element: Machinery
- General subdivision: Maintenance and repair
670 ## - SOURCE DATA FOUND
- Source citation: Work cat.: (NUST)31633: Kibbe, Richard R. 85055, Mechanical systems for industrial maintenance /, c2002.
